[Event "PRO League Group Stage"]
[Site "chess.com INT"]
[Date "2018.02.03"]
[Round "4"]
[White "Harmon-Vellotti, Luke"]
[Black "Molner, Mackenzie"]
[Result "1-0"]
[WhiteTitle "IM"]
[BlackTitle "GM"]
[WhiteElo "2468"]
[BlackElo "2465"]
[WhiteTeam "Dallas Destiny"]
[BlackTeam "Montclair Sopranos"]
[WhiteFideId "2030012"]
[BlackFideId "2021722"]
[EventDate "2018.01.18"]

1. e4 c5 2. Nf3 d6 3. d4 cxd4 4. Nxd4 Nf6 5. Nc3 a6 6. Be3 Ng4 7. Bg5 h6 8. Bh4
g5 9. Bg3 Bg7 10. Be2 h5 11. Bxg4 hxg4 12. O-O Nc6 13. Nf5 Bxc3 14. bxc3 Qa5 15.
Qxg4 f6 16. Qf3 Ne5 17. Bxe5 Qxe5 18. h3 Bd7 19. Rab1 O-O-O 20. Rb6 d5 21. Rfb1
dxe4 22. Qe2 Bb5 23. R6xb5 axb5 24. Rxb5 Qc7 25. g3 Kb8 26. Qxe4 e5 27. Kg2 Rd7
28. c4 Rc8 29. Ne3 Rd4 30. Qf3 Qc6 31. Qxc6 Rxc6 32. Kf3 Ra6 33. Rb2 Ra3 34. Ke2
Kc8 35. Rb6 Ra6 36. Rb2 Ra3 37. Nd5 Ra6 38. c3 Re4+ 39. Kd2 1-0

[Event "PRO League Group Stage"]
[Site "chess.com INT"]
[Date "2018.02.03"]
[Round "4"]
[White "Shimanov, Aleksandr"]
[Black "Dominguez Perez, Leinier"]
[Result "1/2-1/2"]
[WhiteTitle "GM"]
[BlackTitle "GM"]
[WhiteElo "2641"]
[BlackElo "2739"]
[WhiteTeam "Webster Windmills"]
[BlackTeam "Las Vegas Desert Rats"]
[WhiteFideId "4198603"]
[BlackFideId "3503240"]
[EventDate "2018.01.18"]

1. d4 d5 2. Nf3 Nf6 3. c4 e6 4. Nc3 c5 5. cxd5 Nxd5 6. e4 Nxc3 7. bxc3 cxd4 8.
cxd4 Bb4+ 9. Bd2 Bxd2+ 10. Qxd2 O-O 11. Bc4 Nd7 12. O-O b6 13. d5 Nc5 14. Rfe1
exd5 15. Bxd5 Bb7 16. Rad1 Qe7 17. Qf4 Rad8 18. Ne5 Rde8 19. Nc6 Bxc6 20. Bxc6
Rd8 21. Bd5 Rd7 22. h4 Rfd8 23. Re3 Ne6 24. Qg3 Nc7 25. h5 h6 26. Red3 Nxd5 27.
Rxd5 Rxd5 28. Rxd5 Rc8 29. Qg4 Rc1+ 30. Kh2 Rc2 31. f3 Qc7+ 32. e5 Rc5 33. Qd4
Rxd5 34. Qxd5 Qe7 35. Qa8+ Kh7 36. Qe4+ Kg8 37. Qa8+ Kh7 38. Qe4+ Kg8 39. Qa8+
Kh7 1/2-1/2

[Event "PRO League Group Stage"]
[Site "chess.com INT"]
[Date "2018.02.03"]
[Round "4"]
[White "Harmon-Vellotti, Luke"]
[Black "Della Morte, German"]
[Result "1-0"]
[WhiteTitle "IM"]
[BlackTitle "IM"]
[WhiteElo "2468"]
[BlackElo "2353"]
[WhiteTeam "Dallas Destiny"]
[BlackTeam "Buenos Aires Krakens"]
[WhiteFideId "2030012"]
[BlackFideId "113522"]
[EventDate "2018.01.18"]

1. e4 e5 2. Nf3 Nc6 3. Bb5 a6 4. Ba4 Nf6 5. O-O Be7 6. d4 exd4 7. Re1 b5 8. e5
Nxe5 9. Nxe5 bxa4 10. Qxd4 O-O 11. Qxa4 Rb8 12. Nc3 Rb4 13. Qa5 Bb7 14. a3 Rh4
15. f3 Bd6 16. Bg5 Rh5 17. h4 h6 18. g4 hxg5 19. gxh5 Nxh5 20. Rad1 gxh4 21. Nc4
Bxf3 22. Nxd6 Qf6 23. Qf5 Bxd1 24. Rxd1 cxd6 25. Qxh5 Re8 26. Rf1 Qd4+ 27. Kh1
g6 28. Qf3 f5 29. Rd1 Qf6 30. Rg1 Kf7 31. Qb7 Qe6 32. Qxa6 Rb8 33. b3 g5 34. Qd3
Rg8 35. a4 g4 36. Rf1 Rg5 37. Qd2 Rg6 38. Re1 Qf6 39. Nd5 Qb2 40. Qf2 Rg5 41.
Qxh4 Kg6 42. Nf4+ 1-0

[Event "PRO League Group Stage"]
[Site "chess.com INT"]
[Date "2018.02.03"]
[Round "4"]
[White "Bora, Safal"]
[Black "Ynojosa Aponte, Felix Jose"]
[Result "0-1"]
[WhiteTitle "IM"]
[BlackTitle "IM"]
[WhiteElo "2370"]
[BlackElo "2387"]
[WhiteTeam "Pittsburgh Pawngrabbers"]
[BlackTeam "Rio Grande Ospreys"]
[WhiteFideId "2066149"]
[BlackFideId "3900258"]
[EventDate "2018.01.18"]

1. Nf3 c5 2. g3 Nc6 3. Bg2 e5 4. c4 Nf6 5. O-O Be7 6. Nc3 d6 7. d3 h6 8. a3 O-O
9. Rb1 a5 10. Ne1 Be6 11. Nc2 d5 12. cxd5 Nxd5 13. Ne3 Nb6 14. b3 Rb8 15. Nc4
Nd5 16. Bb2 b5 17. Nd2 f6 18. Rc1 Qd7 19. Nxd5 Bxd5 20. Ne4 Nd4 21. Nxc5 Bxc5
22. Rxc5 Bxb3 23. Qd2 Bf7 24. Bxd4 Qxd4 25. Rfc1 a4 26. e3 Qd6 27. d4 exd4 28.
exd4 Bc4 29. Bf1 Bxf1 30. Kxf1 Rfd8 31. d5 Rb7 32. Qb4 Qe5 33. Rd1 Qh5 34. Rd4
Qf3 35. Kg1 Re7 36. Rxb5 Re2 37. Rf4 Qd3 38. Qc4 Qd1+ 39. Kg2 Re1 40. d6+ Kh8
41. Rd5 Rg1+ 42. Kh3 Qb1 43. d7 Qb7 44. Qd3 Qc6 45. Re4 f5 46. Re7 f4 0-1

[Event "PRO League Group Stage"]
[Site "chess.com INT"]
[Date "2018.02.03"]
[Round "4"]
[White "Bora, Safal"]
[Black "Haining, Kyle"]
[Result "1-0"]
[WhiteTitle "IM"]
[BlackTitle "CM"]
[WhiteElo "2370"]
[BlackElo "2148"]
[WhiteTeam "Pittsburgh Pawngrabbers"]
[BlackTeam "Seattle Sluggers"]
[WhiteFideId "2066149"]
[BlackFideId "2078643"]
[EventDate "2018.01.18"]

1. Nf3 g6 2. g3 Bg7 3. Bg2 Nf6 4. O-O O-O 5. c4 c5 6. d4 cxd4 7. Nxd4 Nc6 8. Nc3
Ng4 9. e3 d6 10. b3 Nxd4 11. exd4 Nh6 12. Bb2 Nf5 13. Nd5 Rb8 14. Re1 e6 15. Ne3
Nxe3 16. Rxe3 b5 17. cxb5 Rxb5 18. Qe2 Ba6 19. Qd2 Rb8 20. Rc1 d5 21. Ba3 Re8
22. Bc5 Qd7 23. Qa5 Qb7 24. Qa4 Rec8 25. Rec3 Ra8 26. Bd6 Rxc3 27. Rxc3 Rc8 28.
Rc7 Qb8 29. Rxc8+ Qxc8 30. Bc5 Bf8 31. b4 Bxc5 32. dxc5 Qb7 33. Bf1 Bxf1 34.
Kxf1 Kf8 35. b5 Ke7 36. Qb4 Kd8 37. c6 Qe7 38. Qa5+ Qc7 39. Qb4 Qe7 40. Qd4 Kc8
41. a4 h5 42. h4 Qc7 43. Kg2 Qb6 44. Qf6 Qc7 45. Qd4 Qb6 46. Qh8+ Qd8 47. Qe5
Qc7 48. Qg7 Qe7 49. Qg8+ Kc7 50. Qa8 Kd6 51. Qb8+ Qc7 52. Qf8+ Qe7 53. Qc8 Qc7
54. Qh8 Kc5 55. Qc3+ Kd6 56. Qb4+ Ke5 57. Qf4# 1-0

[Event "PRO League Group Stage"]
[Site "chess.com INT"]
[Date "2018.02.03"]
[Round "4"]
[White "Bora, Safal"]
[Black "Sheng, Joshua"]
[Result "1-0"]
[WhiteTitle "IM"]
[BlackTitle "IM"]
[WhiteElo "2370"]
[BlackElo "2392"]
[WhiteTeam "Pittsburgh Pawngrabbers"]
[BlackTeam "San Diego Surfers"]
[WhiteFideId "2066149"]
[BlackFideId "2057360"]
[EventDate "2018.01.18"]

1. Nf3 Nf6 2. g3 g6 3. Bg2 Bg7 4. c4 d5 5. cxd5 Nxd5 6. O-O Nb6 7. d4 Nc6 8. e3
O-O 9. Nc3 Re8 10. Nh4 e5 11. d5 Nb4 12. e4 c6 13. a3 Na6 14. dxc6 bxc6 15. Nf3
Be6 16. Qc2 Nc5 17. b4 Nb3 18. Rb1 Nd4 19. Nxd4 exd4 20. Rd1 Bg4 21. f3 Bxf3 22.
Bxf3 Qf6 23. Bf4 dxc3 24. e5 Qe6 25. Rd6 Qe7 26. Bxc6 Bxe5 27. Bxe5 Qxe5 28. Rd3
Rec8 29. Bxa8 Nxa8 30. Rc1 Nb6 31. Rxc3 Re8 32. Rd3 h5 33. Qd2 Qe7 34. Rd1 Nc4
35. Qc3 Ne5 36. Re3 Kg7 37. Qc5 Qg5 38. Rde1 f6 39. Qxa7+ Kh6 40. Kg2 h4 41. Qd4
hxg3 42. hxg3 Kg7 43. Qf4 Qh5 44. Rh1 Qf5 45. Qxf5 gxf5 46. b5 Rc8 47. Re2 Rc3
48. Rb1 Rxa3 49. b6 Ra8 50. b7 Rb8 51. Rc2 Kf7 52. Rc8 Nd7 53. Rxb8 Nxb8 54. Rc1
Ke6 55. Rc8 Nd7 56. b8=Q Nxb8 57. Rxb8 1-0

[Event "PRO League Group Stage"]
[Site "chess.com INT"]
[Date "2018.02.03"]
[Round "4"]
[White "Ravuri, Vinesh"]
[Black "Grabinsky, Aaron"]
[Result "0-1"]
[WhiteElo "1990"]
[BlackElo "2359"]
[WhiteTeam "San Jose Hackers"]
[BlackTeam "Webster Windmills"]
[WhiteFideId "45042632"]
[BlackFideId "2087090"]
[EventDate "2018.01.18"]

1. d4 e6 2. c4 Bb4+ 3. Bd2 Bxd2+ 4. Qxd2 Nf6 5. Nc3 d5 6. e3 O-O 7. cxd5 exd5 8.
Bd3 Qe7 9. Nge2 b6 10. O-O Bb7 11. Rac1 Nbd7 12. Rfd1 a6 13. Nf4 Rac8 14. Bb1
Rfe8 15. h3 g6 16. a3 a5 17. Ba2 c6 18. Nd3 Ba6 19. Bb1 Qd6 20. Nf4 Red8 21. Bd3
Bb7 22. Qe2 c5 23. dxc5 bxc5 24. Bb1 d4 25. Ba2 Ne5 26. Nb5 Qb8 27. exd4 Nf3+
28. gxf3 Qxf4 29. Qe3 Qxf3 30. Qxf3 Bxf3 31. Rd3 Be2 32. Rb3 a4 33. Re3 Bxb5 34.
dxc5 Bc6 35. Re7 Nd5 36. Re4 Kg7 37. Rd1 Nc3 38. Rxd8 Rxd8 39. bxc3 Bxe4 0-1

[Event "PRO League Group Stage"]
[Site "chess.com INT"]
[Date "2018.02.03"]
[Round "4"]
[White "Ravuri, Vinesh"]
[Black "Rosenthal, Nicholas"]
[Result "1/2-1/2"]
[WhiteElo "1990"]
[BlackElo "2169"]
[WhiteTeam "San Jose Hackers"]
[BlackTeam "Miami Champions"]
[WhiteFideId "45042632"]
[BlackFideId "2045150"]
[EventDate "2018.01.18"]

1. d4 d5 2. c4 e6 3. Nf3 c6 4. g3 dxc4 5. a4 b5 6. Bg2 Bb7 7. O-O Nd7 8. Nfd2
Qc8 9. b3 cxb3 10. Qxb3 a6 11. Ba3 Bxa3 12. Qxa3 Ngf6 13. Nc3 Nb6 14. Rfc1 Nbd5
15. Nxd5 exd5 16. e4 dxe4 17. Nxe4 Nxe4 18. Bxe4 Qd7 19. axb5 axb5 20. Qxa8+
Bxa8 21. Rxa8+ Ke7 22. Rxh8 Qxd4 23. Bxc6 b4 24. Re8+ Kf6 25. Ree1 h5 26. Be4 h4
27. Kg2 Kg5 28. Bf3 f5 29. Rc7 g6 30. Rb7 Qc3 31. Re3 Qb2 32. Re2 Qc3 33. Re3
Qb2 34. Re2 Qc3 35. Re3 1/2-1/2

[Event "PRO League Group Stage"]
[Site "chess.com INT"]
[Date "2018.02.03"]
[Round "4"]
[White "Chu, Ruotong"]
[Black "Wang, Annie"]
[Result "1-0"]
[BlackTitle "FM"]
[WhiteElo "2267"]
[BlackElo "2330"]
[WhiteTeam "Chengdu Pandas"]
[BlackTeam "Saint Louis Arch Bishops"]
[WhiteFideId "8605653"]
[BlackFideId "2053900"]
[EventDate "2018.01.18"]

1. d4 e6 2. c4 Nf6 3. g3 d5 4. Bg2 Be7 5. Nf3 O-O 6. Nc3 dxc4 7. Ne5 Qd6 8. Nxc4
Qa6 9. Qa4 Qxa4 10. Nxa4 Nbd7 11. Nc3 Nb6 12. Ne5 Rd8 13. O-O Nfd5 14. Rd1 Bf6
15. Ng4 Be7 16. Ne5 f6 17. Nd3 Kf7 18. Bd2 Bd7 19. Rac1 Rac8 20. Nc5 Bc6 21. Bh3
Bxc5 22. dxc5 Nd7 23. Nb1 Bb5 24. Bf1 Ne5 25. b3 Ne7 26. a4 Bc6 27. f4 Nd7 28.
Be3 Nf5 29. Bf2 Nf8 30. Nc3 b6 31. e4 Ne7 32. b4 Bb7 33. Nb5 Bxe4 34. Rxd8 Rxd8
35. Nxc7 bxc5 36. Bxc5 Rc8 37. Nb5 Nd7 38. Nd6+ Kf8 39. Nxc8 Nxc5 40. Rxc5 Nxc8
41. Rxc8+ Kf7 42. Rc7+ Kg6 43. Rxa7 Bc2 44. a5 1-0

[Event "PRO League Group Stage"]
[Site "chess.com INT"]
[Date "2018.02.03"]
[Round "4"]
[White "Harmon-Vellotti, Luke"]
[Black "Bartholomew, John"]
[Result "0-1"]
[WhiteTitle "IM"]
[BlackTitle "IM"]
[WhiteElo "2468"]
[BlackElo "2459"]
[WhiteTeam "Dallas Destiny"]
[BlackTeam "Minnesota Blizzard"]
[WhiteFideId "2030012"]
[BlackFideId "2019353"]
[EventDate "2018.01.18"]

1. e4 d5 2. exd5 Qxd5 3. Nc3 Qd8 4. d4 Nf6 5. Bc4 a6 6. a4 Nc6 7. Nge2 Bf5 8.
O-O Nb4 9. Bb3 e6 10. Re1 Be7 11. a5 O-O 12. Na4 b5 13. axb6 cxb6 14. Bd2 Rc8
15. Bxb4 Bxb4 16. c3 Bd6 17. Ng3 Bg6 18. Qe2 b5 19. Nc5 Bxc5 20. dxc5 Nd7 21.
Rxa6 Nxc5 22. Ra3 Qb6 23. Bc2 b4 24. cxb4 Qxb4 25. Bxg6 hxg6 26. h3 Rfd8 27. Rc3
Na4 28. Rxc8 Rxc8 29. Rb1 Qb3 30. Qa6 Rd8 31. Qe2 Nc3 32. Qf3 Qc2 33. Ra1 Qxb2
34. Ra7 Rf8 35. h4 Nd5 36. Ne4 Qc1+ 37. Kh2 Qf4+ 38. Qxf4 Nxf4 39. g3 Nd5 40.
Kg2 Nf6 41. Ng5 Nh7 42. Ne4 Rd8 43. f3 Nf8 44. Ng5 Nd7 45. g4 Kf8 46. Kg3 Ke7
47. Ne4 Rc8 48. Ng5 f6 49. Ne4 Rc6 50. Nf2 e5 51. Nd3 Ke6 52. Nf2 f5 53. Nh3 f4+
54. Kf2 Rc2+ 55. Ke1 Nc5 56. Rxg7 Rh2 57. Ng5+ Kd5 58. Rxg6 Kd4 59. h5 Ke3 60.
Kf1 e4 61. Re6 Rc2 62. h6 Nxe6 63. h7 Nxg5 64. h8=Q Nxf3 0-1

[Event "PRO League Group Stage"]
[Site "chess.com INT"]
[Date "2018.02.03"]
[Round "4"]
[White "Chu, Ruotong"]
[Black "Checa, Nicolas"]
[Result "1-0"]
[BlackTitle "IM"]
[WhiteElo "2267"]
[BlackElo "2486"]
[WhiteTeam "Chengdu Pandas"]
[BlackTeam "Montclair Sopranos"]
[WhiteFideId "8605653"]
[BlackFideId "2069342"]
[EventDate "2018.01.18"]

1. d4 d5 2. c4 c6 3. cxd5 cxd5 4. Bf4 Nc6 5. e3 Nf6 6. Bd3 g6 7. Nc3 Bg7 8. Nf3
O-O 9. h3 a6 10. O-O b5 11. Rc1 Bb7 12. Qe2 Re8 13. Ne5 Rc8 14. a4 b4 15. Nb1
Qa5 16. Nxc6 Rxc6 17. Rxc6 Bxc6 18. Rc1 Qxa4 19. b3 Qxb3 20. Rxc6 a5 21. Ra6 Rc8
22. Rxa5 Bf8 23. Rc5 Ra8 24. Qc2 Qxc2 25. Rxc2 Ra1 26. Rb2 Nd7 27. Bc7 Ra7 28.
Bg3 e6 29. Kf1 Nb6 30. Nd2 Ra1+ 31. Rb1 Ra2 32. Ke1 Na4 33. Nb3 Nc3 34. Ra1 Rb2
35. Nc5 Kg7 36. Na4 Rb3 37. Nxc3 bxc3 38. Rc1 Ba3 39. Rc2 Bb2 40. Ke2 Ra3 41. e4
Ra4 42. exd5 exd5 43. Ke3 f6 44. f3 Kf7 45. Be1 Ra3 46. Bb5 Ke7 47. Kd3 Rb3 48.
Bc6 Kd6 49. Be8 Rb8 50. Ba4 Rb4 51. Be8 Rb8 52. Bg3+ 1-0

[Event "PRO League Group Stage"]
[Site "chess.com INT"]
[Date "2018.02.03"]
[Round "4"]
[White "Chu, Ruotong"]
[Black "Blit, Jacques"]
[Result "1-0"]
[BlackTitle "IM"]
[WhiteElo "2267"]
[BlackElo "2374"]
[WhiteTeam "Chengdu Pandas"]
[BlackTeam "Buenos Aires Krakens"]
[WhiteFideId "8605653"]
[BlackFideId "114839"]
[EventDate "2018.01.18"]

1. d4 g6 2. e4 d6 3. Nc3 Bg7 4. Nf3 c6 5. a4 Nf6 6. h3 O-O 7. Be3 e5 8. dxe5
dxe5 9. Qxd8 Rxd8 10. Bc4 Nbd7 11. a5 Re8 12. O-O h6 13. b4 Nf8 14. b5 Ne6 15.
bxc6 bxc6 16. Rab1 Nh5 17. Rfd1 Bf8 18. Na4 Nc7 19. Nc5 Nf6 20. Nd2 Kg7 21. f3
Nh5 22. Ndb3 Nf4 23. Rd2 Nfe6 24. Nd7 Nb5 25. Nxe5 Na3 26. Rbd1 Bb4 27. Rd3 f6
28. Bxe6 Rxe6 29. Ng4 Nxc2 30. Bf2 h5 31. Ne3 Nxe3 32. Bxe3 Re7 33. Bc5 Bxc5+
34. Nxc5 Kf7 35. Rd8 Bb7 36. Nxb7 Rxd8 37. Nxd8+ Ke8 38. Nxc6 Rc7 39. Nd4 Rc5
40. Ra1 Kd7 41. Kf2 Kd6 42. Ke3 g5 43. Nf5+ Ke5 44. Ne7 Rc3+ 45. Kd2 Rc7 46. Nd5
Rb7 47. Nc3 Kf4 48. Ne2+ Ke5 49. g3 g4 50. hxg4 hxg4 51. fxg4 Kxe4 52. Ra4+ Kf3
53. Rf4+ Kg2 54. Rxf6 Rb2+ 55. Ke3 Rb3+ 56. Ke4 Rb4+ 57. Nd4 Kxg3 58. g5 1-0

[Event "PRO League Group Stage"]
[Site "chess.com INT"]
[Date "2018.02.03"]
[Round "4"]
[White "Chu, Ruotong"]
[Black "Mitkov, Nikola"]
[Result "1-0"]
[BlackTitle "GM"]
[WhiteElo "2267"]
[BlackElo "2461"]
[WhiteTeam "Chengdu Pandas"]
[BlackTeam "Minnesota Blizzard"]
[WhiteFideId "8605653"]
[BlackFideId "15000290"]
[EventDate "2018.01.18"]

1. d4 d5 2. c4 e6 3. Nf3 Nf6 4. g3 dxc4 5. Bg2 Nc6 6. Qa4 Bd6 7. Qxc4 O-O 8. O-O
e5 9. dxe5 Nxe5 10. Nxe5 Bxe5 11. Qc2 c6 12. Nd2 Qe7 13. Nc4 Bc7 14. b3 Bg4 15.
Re1 Qe6 16. Ba3 Rfe8 17. Rad1 Rad8 18. Rxd8 Rxd8 19. Ne3 Bh3 20. Rd1 Bxg2 21.
Rxd8+ Bxd8 22. Kxg2 h5 23. Qf5 Qe4+ 24. Qxe4 Nxe4 25. Bb2 Bb6 26. Nf5 g6 27. Nd4
Bc5 28. f3 Nd6 29. e4 Kf8 30. Kf1 Ke7 31. Ke2 Ne8 32. Kd3 Kd7 33. Nc2 a6 34. Bd4
Be7 35. Ne3 Nc7 36. Nc4 Ne6 37. Be3 Bf6 38. f4 b5 39. Nd2 Be7 40. h3 f5 41. Nf3
Bf6 42. exf5 gxf5 43. Nh2 Nc7 44. g4 hxg4 45. hxg4 Nd5 46. Bd2 Ke6 47. gxf5+
Kxf5 48. Nf3 c5 49. Nh4+ Kg4 50. Ng2 Kf3 51. Ne1+ Kg4 52. Ke4 Nb6 53. Nd3 c4 54.
bxc4 Nxc4 55. Bc1 a5 56. Kd5 a4 57. Kc5 Kf3 58. Kxb5 Ne3 59. Kxa4 Nd5 60. Kb3
Ke4 61. Nc5+ Kd4 62. Ne6+ Ke4 63. a4 Kf5 64. Nc5 Nxf4 65. Bxf4 Kxf4 66. a5 Ke3
67. a6 Bd8 68. a7 Bb6 69. a8=Q Bxc5 70. Qa5 Bd4 71. Qb5 Ke4 72. Kc4 Be5 73. Qd5+
Kf5 74. Qf3+ Ke6 75. Qg4+ Kd6 76. Qf5 1-0

[Event "PRO League Group Stage"]
[Site "chess.com INT"]
[Date "2018.02.03"]
[Round "4"]
[White "Wang, Annie"]
[Black "Yanayt, Eugene"]
[Result "1-0"]
[WhiteTitle "FM"]
[BlackTitle "FM"]
[WhiteElo "2330"]
[BlackElo "2203"]
[WhiteTeam "Saint Louis Arch Bishops"]
[BlackTeam "Las Vegas Desert Rats"]
[WhiteFideId "2053900"]
[BlackFideId "2020165"]
[EventDate "2018.01.18"]

1. d4 Nf6 2. c4 g6 3. Nc3 Bg7 4. e4 d6 5. Nf3 O-O 6. Be2 e5 7. Be3 Ng4 8. Bg5 f6
9. Bh4 Nc6 10. d5 Ne7 11. Nd2 f5 12. exf5 gxf5 13. Bxg4 fxg4 14. O-O Qe8 15.
Bxe7 Qxe7 16. Nde4 Rf4 17. b4 b6 18. c5 a6 19. Re1 Bf5 20. cxd6 cxd6 21. Qa4 Bd7
22. Qb3 Raf8 23. b5 a5 24. Qa3 Rc8 25. Rac1 Bf8 26. Qb3 h5 27. Rcd1 Bf5 28. Re3
a4 29. Qa3 Rc4 30. Nd2 Rb4 31. Ne2 Bh6 32. Nxf4 Rxf4 33. Qc3 Rd4 34. Qxd4 1-0

[Event "PRO League Group Stage"]
[Site "chess.com INT"]
[Date "2018.02.03"]
[Round "4"]
[White "Wang, Annie"]
[Black "Ravuri, Vinesh"]
[Result "1/2-1/2"]
[WhiteTitle "FM"]
[WhiteElo "2330"]
[BlackElo "1990"]
[WhiteTeam "Saint Louis Arch Bishops"]
[BlackTeam "San Jose Hackers"]
[WhiteFideId "2053900"]
[BlackFideId "45042632"]
[EventDate "2018.01.18"]

1. d4 Nf6 2. c4 g6 3. Nc3 Bg7 4. e4 d6 5. Nf3 O-O 6. Be2 e5 7. Be3 Ng4 8. Bg5 f6
9. Bh4 g5 10. Bg3 Nh6 11. d5 f5 12. exf5 Bxf5 13. Nd2 Bg6 14. O-O Nd7 15. Nde4
Nf5 16. Rc1 Nd4 17. Bd3 h5 18. h3 Bh6 19. Rb1 Qe7 20. f3 Qh7 21. Bf2 Rae8 22. b4
b6 23. Rb2 Kh8 24. Bb1 Rg8 25. Ne2 Nxe2+ 26. Qxe2 Ref8 27. c5 g4 28. fxg4 hxg4
29. hxg4 Nf6 30. Nxf6 Rxf6 31. cxd6 cxd6 32. Bh4 Rxf1+ 33. Qxf1 Be3+ 34. Bf2 Rf8
35. Bxg6 Qxg6 36. Qe1 Bf4 37. Rb3 Qxg4 38. Rh3+ Kg8 39. Bg3 Bg5 40. Bf2 Kf7 41.
Rg3 Qf5 42. Rf3 Bf4 43. Bg3 Rg8 44. Bxf4 exf4 45. Qf2 Rg4 46. Qb2 Qxd5 47. Qc1
Qxf3 48. Qc7+ Kg8 49. Qd8+ Kh7 50. Qe7+ Kh6 51. Qf6+ Kh7 52. Qf7+ Kh8 53. Qf8+
Kh7 54. Qf7+ Kh6 55. Qf6+ Kh7 56. Qf7+ Kh6 57. Qf6+ 1/2-1/2

[Event "PRO League Group Stage"]
[Site "chess.com INT"]
[Date "2018.02.03"]
[Round "4"]
[White "Belous, Vladimir"]
[Black "Gurevich, Daniel"]
[Result "1-0"]
[WhiteTitle "GM"]
[BlackTitle "IM"]
[WhiteElo "2567"]
[BlackElo "2483"]
[WhiteTeam "Rio Grande Ospreys"]
[BlackTeam "Minnesota Blizzard"]
[WhiteFideId "4174003"]
[BlackFideId "2044676"]
[EventDate "2018.01.18"]

1. c4 e5 2. g3 Nf6 3. Bg2 d5 4. cxd5 Nxd5 5. Nc3 Nb6 6. Nf3 Nc6 7. O-O Be7 8. d3
O-O 9. Be3 Re8 10. Rc1 Bf8 11. a3 Nd4 12. Ne4 Bg4 13. Bg5 f6 14. Nxd4 exd4 15.
Bf4 c6 16. h3 Be6 17. g4 a5 18. Bg3 a4 19. Qd2 Nd5 20. Nc5 Bxc5 21. Rxc5 Qb6 22.
Rc2 Ra5 23. Rfc1 Rb5 24. Bd6 Qa5 25. Qxa5 Rxa5 26. Rc5 Rxc5 27. Rxc5 f5 28. g5
Nb6 29. Bc7 Nd7 30. Ra5 Bb3 31. Bf3 Rc8 32. Bf4 g6 33. Ra7 Nc5 34. Be5 Rd8 35.
Bf6 Rd7 36. h4 Kf7 37. h5 Bd5 38. Bxd5+ Rxd5 39. h6 Rd7 40. Ra8 b5 41. Rh8 Ke6
42. Bg7 Kd5 43. Rxh7 Ne6 44. Rh8 Nxg7 45. Rh7 Ke6 46. hxg7 1-0

[Event "PRO League Group Stage"]
[Site "chess.com INT"]
[Date "2018.02.03"]
[Round "4"]
[White "Xu, Xiangyu"]
[Black "Panjwani, Raja"]
[Result "1-0"]
[WhiteTitle "GM"]
[BlackTitle "IM"]
[WhiteElo "2545"]
[BlackElo "2444"]
[WhiteTeam "Chengdu Pandas"]
[BlackTeam "Montreal Chessbrahs"]
[WhiteFideId "8608288"]
[BlackFideId "2604493"]
[EventDate "2018.01.18"]

1. d4 g6 2. e4 Bg7 3. Nf3 d6 4. Nc3 c6 5. Be3 Nd7 6. a4 Qc7 7. h3 Ngf6 8. Be2
O-O 9. O-O b6 10. Nh2 e5 11. Ng4 Nxg4 12. hxg4 Nf6 13. dxe5 dxe5 14. g5 Rd8 15.
Qe1 Ng4 16. Bc1 Qe7 17. Bd3 f5 18. f3 f4 19. fxg4 Qxg5 20. Be2 Bf8 21. g3 Bxg4
22. gxf4 Qh5 23. Bxg4 Qxg4+ 24. Kh2 Qh5+ 25. Kg2 exf4 26. Bxf4 g5 27. Be3 Bd6
28. Rf5 Qh2+ 29. Kf1 Rf8 30. Qe2 Qh3+ 31. Ke1 Rxf5 32. exf5 Re8 33. Nd1 Qxf5 34.
Kd2 Bf4 35. Ra3 c5 36. Kc1 Qe4 37. Kb1 c4 38. Qd2 a6 39. Bxf4 gxf4 40. Rh3 b5
41. Rh4 c3 42. Rg4+ Kh8 43. Qxc3+ Qe5 44. Qxe5+ Rxe5 45. axb5 f3 46. Rf4 axb5
47. Rxf3 h5 48. Kc1 Kh7 49. Ne3 Kh6 50. Kd2 h4 51. Ng4+ 1-0

[Event "PRO League Group Stage"]
[Site "chess.com INT"]
[Date "2018.02.03"]
[Round "4"]
[White "Belous, Vladimir"]
[Black "Villanueva, Mario"]
[Result "1-0"]
[WhiteTitle "GM"]
[BlackTitle "IM"]
[WhiteElo "2567"]
[BlackElo "2466"]
[WhiteTeam "Rio Grande Ospreys"]
[BlackTeam "Buenos Aires Krakens"]
[WhiteFideId "4174003"]
[BlackFideId "113433"]
[EventDate "2018.01.18"]

1. c4 g6 2. Nf3 Bg7 3. d4 Nf6 4. Nc3 O-O 5. e4 d6 6. h3 e5 7. d5 Na6 8. Bg5 h6
9. Be3 Nc5 10. Nd2 a5 11. Be2 Bd7 12. g4 c6 13. h4 a4 14. g5 hxg5 15. hxg5 Nh7
16. Nf3 Qa5 17. Kf1 a3 18. Qd2 axb2 19. Qxb2 cxd5 20. Nxd5 Rfe8 21. Rh4 Bc6 22.
Kg2 Bxd5 23. cxd5 Qa3 24. Qb6 Na4 25. Qxb7 Nf8 26. Rah1 Nc3 27. Bc4 Rab8 28. Qa7
Qxa7 29. Bxa7 Ra8 30. Be3 Nxa2 31. Bb5 Reb8 32. Bc6 Ra6 33. Nh2 f5 34. gxf6 Bxf6
35. Rh3 Nb4 36. Ng4 Kf7 37. Rf3 1-0

[Event "PRO League Group Stage"]
[Site "chess.com INT"]
[Date "2018.02.03"]
[Round "4"]
[White "Tang, Andrew"]
[Black "Yu, Yangyi"]
[Result "0-1"]
[WhiteTitle "IM"]
[BlackTitle "GM"]
[WhiteElo "2513"]
[BlackElo "2760"]
[WhiteTeam "Minnesota Blizzard"]
[BlackTeam "Chengdu Pandas"]
[WhiteFideId "2059630"]
[BlackFideId "8603820"]
[EventDate "2018.01.18"]

1. d4 d5 2. Bf4 Nf6 3. e3 g6 4. Nf3 Bg7 5. Nbd2 O-O 6. Bd3 c5 7. c3 b6 8. O-O
Bb7 9. Qe2 Nc6 10. h3 Nd7 11. Rfd1 e5 12. dxe5 Ndxe5 13. Bb5 a6 14. Bxc6 Nxf3+
15. Nxf3 Bxc6 16. c4 Re8 17. cxd5 Bxd5 18. Rd2 Bxf3 19. gxf3 Qc8 20. Kg2 b5 21.
Rad1 Qe6 22. b3 c4 23. Rd6 Qf5 24. Bg3 c3 25. R1d5 Qb1 26. Rc6 Rad8 27. Bd6 Bf8
28. Qd3 Qxd3 29. Rxd3 b4 30. f4 Rc8 31. Rxc8 Rxc8 32. Be5 c2 33. Bb2 c1=Q 34.
Bxc1 Rxc1 35. Rd5 Rc5 36. Rd2 f6 37. Kf3 Kf7 38. Ke4 Ke6 39. Kf3 Bd6 40. Ke2 Rh5
41. Rc2 Kd7 42. Kf3 Rxh3+ 43. Kg2 Rh5 44. Rd2 Ke6 45. Kf3 Rd5 46. Rc2 Rc5 47.
Rd2 h5 48. Kg2 g5 49. fxg5 fxg5 50. Rd4 Rc2 51. Re4+ Kd7 52. Rd4 g4 53. Rd5 h4
54. e4 h3+ 0-1